|
|
|
|
| LEADER |
00924nam a22001937a 4500 |
| 020 |
|
|
|a 978-93-81788-29-5
|
| 082 |
|
|
|a 822
|b MAD/V Q2.M
|
| 240 |
|
|
|a Viswavikhyathamaya Ekangangal
|
| 245 |
|
|
|a വിശ്വവിഖ്യാതമായ ഏകാങ്കങ്ങള്
|
| 250 |
|
|
|a 1st
|
| 260 |
|
|
|a Kozhikode;
|b Olive Publications;
|c 2012
|
| 300 |
|
|
|a 201p.
|
| 650 |
|
|
|a മലയാളം; നാടകം; മലയാളം നാടകം; ഇംഗ്ലീഷ് വിവര്ത്തന നാടകം
|9 292977
|
| 650 |
|
|
|a Malayalam; Drama; Malayalam Drama; English Translated Drama
|9 292978
|
| 700 |
|
|
|a മധുമാസ്റ്റ൪, വിവ൪.
|9 292979
|
| 700 |
|
|
|a Madhu Master, Tr.
|9 292980
|
| 942 |
|
|
|c BK
|
| 999 |
|
|
|c 50790
|d 50790
|
| 952 |
|
|
|0 0
|1 0
|4 0
|6 822_000000000000000_VIS_V_Q2_M
|7 0
|8 DRAMTRA
|9 59976
|a MAL
|b MAL
|d 2016-03-30
|e GM766
|g 140.00
|l 0
|o 822 VIS/V Q2.M
|p MALGM000766
|r 2016-03-30
|t 1
|w 2016-03-30
|y BK
|